Perspectives for planning and development in North East India (Record no. 400397)

000 -LEADER
fixed length control field 00687cam a22001937a 4500
008 - FIXED-LENGTH DATA ELEMENTS--GENERAL INFORMATION
fixed length control field 180718b1998 xxu||||| |||| 00| 0 eng d
020 ## - INTERNATIONAL STANDARD BOOK NUMBER
International Standard Book Number 812110176X
082 ## - DEWEY DECIMAL CLASSIFICATION NUMBER
Classification number O91x541 Su72
245 ## - TITLE STATEMENT
Title Perspectives for planning and development in North East India
Statement of responsibility, etc. edited by R.C. Sundriyal, Uma Shankar and T.C. Upreti
260 ## - PUBLICATION, DISTRIBUTION, ETC.
Place of publication, distribution, etc. Dehradun
Name of publisher, distributor, etc. Bishen Singh Mahendra Pal Singh
Date of publication, distribution, etc. 1998
300 ## - PHYSICAL DESCRIPTION
Extent 313p.
440 ## - SERIES STATEMENT/ADDED ENTRY--TITLE
Title HIMAVIKAS occasional publication no.11
650 ## - SUBJECT ADDED ENTRY--TOPICAL TERM
Topical term or geographic name entry element Environmental impact analysis
650 ## - SUBJECT ADDED ENTRY--TOPICAL TERM
Topical term or geographic name entry element Watershed management - India, Northeast
650 ## - SUBJECT ADDED ENTRY--TOPICAL TERM
Topical term or geographic name entry element Environmental policy - India, Northeast
700 ## - ADDED ENTRY--PERSONAL NAME
Personal name Upreti, T.C.
700 ## - ADDED ENTRY--PERSONAL NAME
Personal name Shankar, Uma
700 ## - ADDED ENTRY--PERSONAL NAME
Personal name Sundriyal, R.C.
Holdings
Withdrawn status Lost status Damaged status Not for loan Permanent Location Current Location Date acquired Full call number Barcode Date last seen Price effective from Koha item type
        Indian Institute of Public Administration Indian Institute of Public Administration 2002-10-11 O91x541 Su72 76047 2018-07-21 2018-07-21 Book

Powered by Koha